[Event "AUTO-ADV-887"]
[Site "http://www.queenalice.com/game.php?id=394288"]
[Date "2008.4.27"]
[Round "1"]
[White "blindmove"]
[Black "darkjedi"]
[Result "1-0"]
[WhiteElo "1932"]
[BlackElo "1823"]

1. e4 c5 2. Nc3 Nc6 3. d3 d6 4. g3 g6 5. Bg2 Bg7 6. Nge2 e6 7. Be3 Nge7 8. O-O
O-O 9. Qd2 a6 10. Bh6 b5 11. Bxg7 Kxg7 12. f4 f5 13. Rae1 b4 14. Nd1 d5 15. exf5
Nxf5 16. c3 a5 17. d4 c4 18. Nf2 Rb8 19. Ng4 Bd7 20. Ne5 b3 21. a3 a4 22. Nxc6
Bxc6 23. Kh1 Qd7 24. Ng1 Rfe8 25. Nf3 Nd6 26. Ne5 Qb7 27. Bh3 Ne4 28. Qe3 Qc7
29. Bg2 Nd6 30. g4 Nf7 31. Nxf7 Kxf7 32. Qh3 Kg7 33. f5 exf5 34. gxf5 Rxe1 35.
Rxe1 Qf7 36. Qg3 Re8 37. fxg6 Rxe1+ 38. Qxe1 hxg6 39. Kg1 Qe8 40. Qxe8 Bxe8 41.
Bxd5 Bb5 42. Kg2 Kf6 43. Kf3 Kf5 44. h4 g5 45. hxg5 Kxg5 46. Ke4 Kf6 47. Kf4 Ke7
48. Ke5 Kd7 49. Be6+ Kc7 50. d5 1-0

[Event "AUTO-ADV-887"]
[Site "http://www.queenalice.com/game.php?id=394295"]
[Date "2008.4.27"]
[Round "1"]
[White "blindmove"]
[Black "MirceaH"]
[Result "0-1"]
[WhiteElo "1860"]
[BlackElo "2141"]

1. e4 e5 2. Bc4 Nf6 3. d3 c6 4. Nf3 d5 5. Bb3 Bd6 6. Bg5 a5 7. a3 a4 8. Ba2 Be6
9. exd5 cxd5 10. Nc3 Ra5 11. Qe2 Nbd7 12. Nd2 h6 13. Bh4 Qb6 14. Rb1 Qc7 15. O-O
O-O 16. d4 exd4 17. Nb5 Bxh2+ 18. Kh1 Qe5 19. Qxe5 Bxe5 20. f4 Rxb5 21. fxe5
Nxe5 22. Bxf6 gxf6 23. Rxf6 Rc8 24. Nf3 Nxf3 25. gxf3 Rxc2 26. Rxh6 Rbxb2 27.
Rg1+ Kf8 0-1

[Event "AUTO-ADV-887"]
[Site "http://www.queenalice.com/game.php?id=394296"]
[Date "2008.4.27"]
[Round "1"]
[White "MirceaH"]
[Black "blindmove"]
[Result "1-0"]
[WhiteElo "2136"]
[BlackElo "1865"]

1. e4 c5 2. Nf3 d6 3. d4 cxd4 4. Nxd4 Nf6 5. Nc3 a6 6. Bg5 e6 7. f4 Be7 8. Qf3
Qc7 9. O-O-O Nc6 10. Nxc6 Qxc6 11. Bd3 b5 12. Rhe1 Bb7 13. Kb1 b4 14. Bxf6 Bxf6
15. Nd5 Bd8 16. Nxb4 Qb6 17. c3 a5 18. Nc2 Rb8 19. Qe3 Bc6 20. Qxb6 Bxb6 21. Nd4
Bb7 22. f5 Ke7 23. Rd2 e5 24. f6+ gxf6 25. Nf5+ Kd7 26. Bb5+ 1-0

[Event "AUTO-ADV-1009"]
[Site "http://www.queenalice.com/game.php?id=450849"]
[Date "2008.8.20"]
[Round "1"]
[White "catalan"]
[Black "blindmove"]
[Result "0-1"]
[WhiteElo "1712"]
[BlackElo "1936"]

1. e4 c5 2. Nf3 d6 3. c3 Nc6 4. Bb5 Bd7 5. d3 Nf6 6. Bg5 e6 7. Nbd2 Be7 8. Nc4
a6 9. Ba4 b5 10. Bxf6 Bxf6 11. Nxd6+ Ke7 12. Nb7 Qb6 13. Nxc5 Qxc5 14. O-O bxa4
15. Re1 e5 16. Qxa4 Rhd8 17. Qb3 Be6 18. c4 Rab8 19. Qc3 Nd4 20. Re3 Nxf3+ 21.
Rxf3 Qb4 0-1

[Event "AUTO-ADV-1009"]
[Site "http://www.queenalice.com/game.php?id=450850"]
[Date "2008.8.20"]
[Round "1"]
[White "blindmove"]
[Black "catalan"]
[Result "0-1"]
[WhiteElo "1954"]
[BlackElo "1702"]

1. e4 f5 2. exf5 d5 3. d4 Bxf5 4. Nf3 Nd7 5. Nbd2 Ngf6 6. Be2 c5 7. O-O h6 8. c3
g5 9. dxc5 g4 10. Nd4 e6 11. N2b3 Nxc5 12. Bb5+ Kf7 13. Re1 Nce4 14. Nxf5 exf5
15. f3 Qb6+ 16. Nd4 gxf3 17. Qxf3 Bc5 18. Bd3 Bxd4+ 19. cxd4 Qxd4+ 20. Kf1 Rae8
21. Be2 Ng4 22. Qxf5+ Nef6 23. Bxg4 Rxe1+ 24. Kxe1 Qg1+ 25. Qf1 Qxf1+ 26. Kxf1
Nxg4 27. h3 Ne5 28. Be3 a6 29. Bd4 Kf6 30. Re1 Re8 31. Re2 Kf5 32. b3 Re7 33.
Kf2 Nd3+ 34. Kf3 Ne1+ 35. Kf2 Rxe2+ 36. Kxe2 Nxg2 37. Bg7 Kg6 38. Be5 Nh4 39.
Kd3 Nf5 40. a4 Kf7 41. Bf4 h5 42. Kc3 Ke6 0-1

[Event "AUTO-ADV-1009"]
[Site "http://www.queenalice.com/game.php?id=450861"]
[Date "2008.8.20"]
[Round "1"]
[White "fagner"]
[Black "blindmove"]
[Result "0-1"]
[WhiteElo "1766"]
[BlackElo "1928"]

1. d4 d5 2. c4 e6 3. Nc3 Nf6 4. Bg5 Be7 5. Nf3 O-O 6. e3 c5 7. Bd3 dxc4 8. Bxc4
cxd4 9. Qxd4 Nc6 10. Qxd8 Rxd8 11. O-O a6 12. Rad1 Bd7 13. Rd3 Nb4 14. Rd2 b5
15. Bb3 Be8 16. Rfd1 Rxd2 17. Rxd2 Rd8 18. Rxd8 Bxd8 19. a3 Nd3 20. Ba2 Nxb2 21.
h4 h6 22. Bf4 Nd3 23. Bd6 Bc6 24. Ne5 Nxe5 25. Bxe5 Nd7 26. Bh2 Nb6 27. Kf1 Kf8
28. Bd6+ Ke8 29. g4 Bxh4 30. f4 Bf3 31. Bc7 Nd7 32. a4 bxa4 33. Nxa4 Bxg4 34.
Bc4 Bd8 35. Bxd8 Kxd8 36. Bxa6 e5 37. Bc4 f6 38. Nc3 exf4 39. exf4 Nc5 40. Be2
Bxe2+ 41. Kxe2 Kd7 42. Kf3 Ke6 43. Kg4 g6 44. Nb5 h5+ 45. Kh4 Nd3 46. Nc7+ Kf5
47. Ne8 Nxf4 0-1

[Event "AUTO-ADV-1009"]
[Site "http://www.queenalice.com/game.php?id=450862"]
[Date "2008.8.20"]
[Round "1"]
[White "blindmove"]
[Black "fagner"]
[Result "1-0"]
[WhiteElo "1972"]
[BlackElo "1796"]

1. e4 c6 2. c4 d5 3. exd5 cxd5 4. cxd5 Nf6 5. Nc3 Nxd5 6. Nf3 Nc6 7. Bb5 Nxc3 8.
bxc3 Bd7 9. O-O e6 10. d4 a6 11. Bd3 Be7 12. Bf4 O-O 13. Qc2 g6 14. Ne5 Bf6 15.
Nxd7 Qxd7 16. Rab1 b5 17. Rfe1 Rfe8 18. Bf1 Rac8 19. Qb3 Na5 20. Qa3 Nc4 21.
Qxa6 Ra8 22. Qxb5 Qxb5 23. Rxb5 Rxa2 24. Bxc4 Ra4 25. Bb3 Ra3 26. Be5 Rea8 27.
Bxf6 Ra1 28. Kf1 Rxe1+ 29. Kxe1 h5 30. d5 exd5 31. Bxd5 Re8+ 32. Kd2 Kh7 33. c4
1-0

[Event "AUTO-ADV-1009"]
[Site "http://www.queenalice.com/game.php?id=450867"]
[Date "2008.8.20"]
[Round "1"]
[White "fera77"]
[Black "blindmove"]
[Result "0-1"]
[WhiteElo "1924"]
[BlackElo "1935"]

1. e4 c5 2. Nf3 d6 3. Nc3 Nc6 4. Bc4 Nf6 5. d3 e6 6. Bg5 Be7 7. O-O O-O 8. h3
Na5 9. Nd2 Nxc4 10. Nxc4 a6 11. Ne2 b5 12. Ne3 Bb7 13. f4 Rc8 14. f5 e5 15. g4
Qb6 16. Bxf6 Bxf6 17. Nd5 Bxd5 18. exd5 c4+ 19. Kg2 Rc7 20. Ng3 Qd4 21. Qd2
Qxd5+ 22. Kh2 cxd3 23. cxd3 Rfc8 24. Rac1 Qxa2 25. Ne4 Qd5 26. Rxc7 Rxc7 27. g5
Bd8 28. f6 g6 29. Rd1 Qd4 30. Nf2 Kf8 31. Ng4 Ke8 32. Ra1 Ra7 33. Nf2 Bb6 34.
Ne4 Kd7 35. Qe2 a5 36. Qg4+ Kd8 37. Rc1 Rc7 38. Rxc7 Kxc7 39. Qd1 Qxb2+ 40. Kg3
d5 41. Nd2 Qc3 42. Qe2 Qd4 43. Nb3 Qf4+ 44. Kg2 Qxg5+ 45. Qg4 Qxf6 46. d4 exd4
0-1

[Event "AUTO-ADV-1009"]
[Site "http://www.queenalice.com/game.php?id=450868"]
[Date "2008.8.20"]
[Round "1"]
[White "blindmove"]
[Black "fera77"]
[Result "0-1"]
[WhiteElo "1972"]
[BlackElo "1916"]

1. e4 c5 2. Nf3 Nf6 3. Nc3 a6 4. d4 e6 5. d5 d6 6. Be2 Be7 7. O-O O-O 8. Re1 e5
9. a3 Bg4 10. Bd2 Nbd7 11. h3 Bh5 12. Nh2 Bxe2 13. Nxe2 Nxe4 14. Be3 Bg5 15. f4
Bh4 16. Rf1 f5 17. Nf3 Ndf6 18. Nxh4 Nh5 19. Nf3 exf4 20. Bxf4 Nxf4 21. Nxf4 g5
22. Ne6 Qf6 23. Nxf8 Rxf8 24. Rb1 g4 25. hxg4 fxg4 26. Nh2 Qg5 27. Rxf8+ Kxf8
28. Qxg4 Qe3+ 0-1

[Event "AUTO-MASTER-591"]
[Site "http://www.queenalice.com/game.php?id=451052"]
[Date "2008.8.20"]
[Round "1"]
[White "LuizFernandes"]
[Black "blindmove"]
[Result "1/2-1/2"]
[WhiteElo "1855"]
[BlackElo "1938"]

1. Nf3 d5 2. d4 Nf6 3. e3 e6 4. c4 Be7 5. Nc3 O-O 6. Be2 c5 7. dxc5 Bxc5 8. Bd2
dxc4 9. Bxc4 a6 10. O-O Nc6 11. Be2 Qc7 12. Rc1 Qe7 13. Qb3 b5 14. Rfd1 Bb7 15.
Bd3 Rad8 16. Be1 Na5 17. Qc2 Bb6 18. Nd4 h6 19. Nb3 Nxb3 20. Qxb3 Nd5 21. Nxd5
Bxd5 22. Qc2 Qg5 23. e4 Bb7 24. Bd2 Qf6 25. Bc3 Qe7 26. a3 Qc7 27. Bb4 Qxc2 28.
Bxc2 Rxd1+ 29. Rxd1 Rd8 30. Rxd8+ Bxd8 31. f3 Bf6 32. b3 Bd8 33. Bc5 Bc7 34. g3
Bc6 35. Kf1 g6 36. Ke2 Kg7 37. Ke3 e5 38. a4 Kf6 39. axb5 Bxb5 40. b4 a5 41.
bxa5 Bxa5 42. f4 Bc7 43. Bb3 Bd7 44. fxe5+ Bxe5 45. Bd4 Be6 46. Ba4 g5 47. Bb6
Ke7 48. Bd4 Bxd4+ 49. Kxd4 f6 50. Bd1 Kd6 51. Bh5 Kc6 52. Bf3 Kd6 53. Bg2 Bf7
54. g4 Be6 55. h3 Bf7 56. Bf1 Be6 57. Bb5 1/2-1/2

[Event "AUTO-MASTER-591"]
[Site "http://www.queenalice.com/game.php?id=451053"]
[Date "2008.8.20"]
[Round "1"]
[White "blindmove"]
[Black "LuizFernandes"]
[Result "1-0"]
[WhiteElo "1959"]
[BlackElo "1888"]

1. e4 d5 2. exd5 Qxd5 3. c4 Qd8 4. d4 Nf6 5. Nc3 Bf5 6. Nf3 e6 7. Be2 Be7 8. O-O
O-O 9. d5 exd5 10. cxd5 Bd6 11. Qb3 b6 12. Bg5 Be7 13. Rad1 Nbd7 14. Nd4 Bg6 15.
Nc6 Qe8 16. Nxe7+ Qxe7 17. Bf3 Qd6 18. Nb5 Qe5 19. Bxf6 Nxf6 20. Rfe1 Qf4 21. d6
cxd6 22. Bxa8 Rxa8 23. Nxd6 Rd8 24. Qc3 h5 25. Rd4 Ne4 26. Nxe4 Rxd4 27. Qxd4
Bxe4 28. Qxe4 Qf6 29. Qc2 g5 30. Re8+ Kg7 31. Qc3 1-0

[Event "AUTO-MASTER-591"]
[Site "http://www.queenalice.com/game.php?id=451068"]
[Date "2008.8.20"]
[Round "1"]
[White "GMcruz"]
[Black "blindmove"]
[Result "1-0"]
[WhiteElo "2228"]
[BlackElo "1943"]

1. d4 d5 2. c4 e6 3. Nc3 Nf6 4. Nf3 Be7 5. Bg5 O-O 6. e3 c5 7. cxd5 cxd4 8. Qxd4
exd5 9. Rd1 Be6 10. Bd3 Nc6 11. Qh4 g6 12. Qh6 Re8 13. Bc2 Bf8 14. Qh4 Be7 15.
O-O Qc7 16. Bxf6 Bxf6 17. Qxf6 a6 18. Nxd5 Bxd5 19. Rxd5 Nb4 20. Rd2 Re6 21. Qc3
Qxc3 22. bxc3 Nxa2 23. Bb3 1-0

[Event "AUTO-MASTER-591"]
[Site "http://www.queenalice.com/game.php?id=451069"]
[Date "2008.8.20"]
[Round "1"]
[White "blindmove"]
[Black "GMcruz"]
[Result "0-1"]
[WhiteElo "1981"]
[BlackElo "2149"]

1. e4 c5 2. Nf3 d6 3. Nc3 Nf6 4. Bc4 e6 5. O-O Nc6 6. a3 Be7 7. d4 cxd4 8. Nxd4
O-O 9. f4 a6 10. Be3 Qc7 11. Nb3 b5 12. Be2 Bb7 13. Bf3 Rac8 14. Qe2 Rfd8 15.
Rad1 b4 16. axb4 Nxb4 17. Kh1 d5 18. exd5 Nbxd5 19. Nxd5 Nxd5 20. Nd4 Bc5 21. c3
Rd7 22. Bc1 Rcd8 23. Nc2 a5 24. Rde1 Nf6 25. Bxb7 Qxb7 26. Rd1 h6 27. Rxd7 Qxd7
28. Na1 a4 29. Nc2 Qd3 30. Qxd3 Rxd3 31. h3 Ne4 32. Kh2 f5 33. Re1 Kf7 34. Kh1
Bf2 0-1

[Event "AUTO-MASTER-591"]
[Site "http://www.queenalice.com/game.php?id=451078"]
[Date "2008.8.20"]
[Round "1"]
[White "egotistic"]
[Black "blindmove"]
[Result "0-1"]
[WhiteElo "1793"]
[BlackElo "1949"]

1. e4 c5 2. Nf3 d6 3. Nc3 Nc6 4. Bc4 Nf6 5. h3 e6 6. d4 cxd4 7. Nxd4 Bd7 8. Be3
Be7 9. O-O O-O 10. a3 a6 11. f3 b5 12. Bd3 Qc7 13. Nce2 Rac8 14. Rc1 Qb7 15. Kh2
Ne5 16. Ng3 Nxd3 17. cxd3 Rxc1 18. Bxc1 Rc8 19. f4 Be8 20. Nh5 Nxh5 21. Qxh5 f5
22. Qf3 fxe4 23. Qxe4 Qxe4 24. dxe4 Bf7 25. g4 Bf6 26. Be3 e5 0-1

[Event "AUTO-MASTER-591"]
[Site "http://www.queenalice.com/game.php?id=451079"]
[Date "2008.8.20"]
[Round "1"]
[White "blindmove"]
[Black "egotistic"]
[Result "1-0"]
[WhiteElo "1938"]
[BlackElo "1804"]

1. e4 g6 2. d4 Bg7 3. Nf3 d6 4. Be2 Nf6 5. Nbd2 O-O 6. O-O Bd7 7. b3 Re8 8. Bb2
c5 9. d5 a5 10. h3 Na6 11. c4 Nc7 12. Qc2 Nh5 13. Bxg7 Kxg7 14. Qc3+ f6 15. Nh4
Nf4 16. Qf3 e5 17. Kh2 f5 18. exf5 Qxh4 19. Rfe1 gxf5 20. Bf1 Ng6 21. g3 Qg5 22.
h4 Qh6 23. Bg2 Rf8 24. Bh3 Rae8 25. Nf1 Re7 26. Qg2 1-0

[Event "AUTO-ADV-1163"]
[Site "http://www.queenalice.com/game.php?id=515243"]
[Date "2008.12.31"]
[Round "1"]
[White "blindmove"]
[Black "RafaelCabral"]
[Result "0-1"]
[WhiteElo "1958"]
[BlackElo "2159"]

1. d4 Nf6 2. c4 d5 3. e3 Bf5 4. Nc3 e6 5. Nf3 Be7 6. Be2 dxc4 7. Nh4 Bg6 8. Nxg6
hxg6 9. Bxc4 Nbd7 10. Bd2 c5 11. O-O Qc7 12. g3 cxd4 13. Bb3 dxc3 14. Bxc3 Qc5
15. Rc1 Qh5 16. Qxh5 gxh5 17. Bd2 O-O 18. Rc7 b6 19. Rfc1 Bd6 20. R7c2 Nc5 21.
Bc4 Nce4 22. Be1 Rac8 23. Bd3 Rxc2 24. Rxc2 Ng5 25. Be2 Ng4 26. b3 Ne5 27. Bxh5
Ngf3+ 0-1

[Event "AUTO-ADV-1163"]
[Site "http://www.queenalice.com/game.php?id=515244"]
[Date "2008.12.31"]
[Round "1"]
[White "RafaelCabral"]
[Black "blindmove"]
[Result "1-0"]
[WhiteElo "2151"]
[BlackElo "1951"]

1. e4 c6 2. d4 d5 3. Nc3 g6 4. Nf3 Bg7 5. e5 e6 6. Bg5 Ne7 7. Bd3 Nd7 8. Ne2 c5
9. c3 c4 10. Bc2 Nb6 11. Qd2 Qc7 12. Bh6 O-O 13. h4 a5 14. h5 Nf5 15. Bxg7 Nxg7
16. Qh6 Nf5 17. Bxf5 exf5 18. Ng5 f6 19. exf6 Rxf6 20. hxg6 Rxg6 21. Qh5 Rg7 22.
Qe8# 1-0

[Event "AUTO-ADV-1163"]
[Site "http://www.queenalice.com/game.php?id=515245"]
[Date "2008.12.31"]
[Round "1"]
[White "blindmove"]
[Black "leo2dipikke"]
[Result "0-1"]
[WhiteElo "1927"]
[BlackElo "1804"]

1. d4 d5 2. c4 e6 3. e3 Nf6 4. Nc3 Bb4 5. Qc2 c6 6. Bd3 Bd7 7. Nf3 dxc4 8. Bxc4
O-O 9. Bd2 b5 10. Bd3 c5 11. Nxb5 Bxd2+ 12. Qxd2 Bxb5 13. Bxb5 Ne4 14. Qc2 Qa5+
15. Nd2 Qxb5 16. Qxe4 Nd7 17. b3 Nf6 18. Qf4 cxd4 19. Qxd4 Rfd8 20. Qc4 Rd5 21.
Qxb5 Rxb5 22. O-O Rc8 23. Rac1 Rbc5 24. Rxc5 Rxc5 25. Nc4 g6 26. Rd1 a5 27. h3
Ne4 28. Kf1 Kg7 29. Ke2 Nc3+ 30. Kd2 Nxd1 31. Kxd1 f5 32. Kc2 Kf6 33. Kc3 e5 34.
g3 Ke6 35. b4 axb4+ 36. Kxb4 Kd5 37. Nb6+ Kc6 38. Nc4 e4 39. a4 Rd5 40. a5 Rd1
0-1

[Event "AUTO-ADV-1163"]
[Site "http://www.queenalice.com/game.php?id=515246"]
[Date "2008.12.31"]
[Round "1"]
[White "leo2dipikke"]
[Black "blindmove"]
[Result "1-0"]
[WhiteElo "1770"]
[BlackElo "1950"]

1. e4 c5 2. Nf3 d6 3. d4 cxd4 4. Nxd4 Nf6 5. Nc3 Bd7 6. Bd3 a6 7. O-O e5 8. Nf3
Nc6 9. Bg5 h6 10. Bxf6 Qxf6 11. a3 Be6 12. Re1 Be7 13. Nd5 Bxd5 14. exd5 Na7 15.
c4 Rc8 16. Re4 g5 17. b3 Qg7 18. h3 f5 19. Re3 e4 20. Bxe4 fxe4 21. Nd4 Qg6 22.
Qg4 O-O 23. Ne6 Rf5 24. Rae1 Re5 25. Nf4 Qg7 26. Nh5 Qg6 27. Nf4 Qg7 28. Ne6 Qg6
29. f4 Rf5 30. Rxe4 Bf6 31. g3 h5 32. Qf3 gxf4 33. g4 1-0

[Event "AUTO-ADV-1163"]
[Site "http://www.queenalice.com/game.php?id=515247"]
[Date "2008.12.31"]
[Round "1"]
[White "blindmove"]
[Black "bishop4739"]
[Result "0-1"]
[WhiteElo "1882"]
[BlackElo "1720"]

1. d4 g6 2. c4 Bg7 3. Nc3 Nf6 4. e3 O-O 5. Bd3 b6 6. Nf3 d6 7. Qc2 Bb7 8. Bd2 c5
9. d5 Nbd7 10. h3 Re8 11. g4 e6 12. e4 exd5 13. cxd5 Ne5 14. Nxe5 Rxe5 15. f4
Re8 16. g5 Nh5 17. O-O-O Qc7 18. f5 b5 19. f6 Bf8 20. Rhg1 b4 21. Ne2 a5 22. Nf4
Nxf4 23. Bxf4 Rac8 24. Bc4 a4 25. Qd3 b3 26. a3 Ra8 27. h4 Qa5 28. h5 Ba6 29.
hxg6 fxg6 30. Rh1 Bxc4 31. Qxc4 Ra7 32. Rde1 Rf7 33. Bd2 Qc7 34. Bc3 Qd7 35. Rh4
Qa7 36. Qf1 Rc8 37. Qh3 c4 38. Rh1 Rcc7 39. Qg3 Qb6 40. Qf4 Qc5 41. Kd2 Rcd7 0-1

[Event "AUTO-ADV-1163"]
[Site "http://www.queenalice.com/game.php?id=515248"]
[Date "2008.12.31"]
[Round "1"]
[White "bishop4739"]
[Black "blindmove"]
[Result "0-1"]
[WhiteElo "1723"]
[BlackElo "1951"]

1. e4 c6 2. Nf3 d5 3. exd5 cxd5 4. Bb5+ Bd7 5. Bxd7+ Nxd7 6. O-O Ngf6 7. d4 e6
8. Nc3 a6 9. Be3 Bd6 10. Re1 O-O 11. Qd2 Rc8 12. Bg5 b5 13. a3 Qc7 14. Ne5 b4
15. Nxd7 Nxd7 16. axb4 Bxb4 17. Rxa6 Bxc3 18. bxc3 Qxc3 19. Qe2 Qxc2 20. Qg4 Qg6
21. h4 Nf6 22. Qf3 Ne4 23. Qa3 Nxg5 24. hxg5 Qxg5 25. Ra1 h6 26. Qe7 Qxe7 0-1